1344 1155 1274 1892 1102 1432 1696 1179 1245 1622 1701 1439 1760 1955 1121 1474 1092 1647 1586 1893 1815 1809 1806 1608 1926 1579 1058 1604 1871 1838 1463 1458 1942 1922 1643 1216 1139 1968 1012 1997 1807 1565 1594 1684 1728 1457 1834 1746 1019 1302 1482 1120 1544 1568 1664 1495 1139 1335 1228 1197 1542 1146 1569 1150 1560 1251 1972 1664 1459 1072 1796 1594 1627 1668 1950 1811 1518 1866 1850 1675 1469 1451 1297 1957 1346 1880 1596 1076 1403 1077 1609 1844 1846 1214 1725 1104 1816 1635 1670 BCNSPRNW ULIB Ver.6.0+V

เปลี่ยนเป็นภาษาไทย

Change to English
 แสดงรายละเอียดบรรณานุกรม
  กลับหน้าหลัก

Brief Record : Get Marc (ISO 2709) : E-mail record : QR code < ปิดหน้าต่าง
LEADER : 00000nam 2200000uu 4500
001    13399113610
003     ULIB
008    111207s2551||||th 000 0 tha d
020    ^a9789747519198
090    ^aนว.^bL271ร 2551
100 0  ^aLucky
245 00 ^aรักนี้ ตราบสิ้นกาลเวลา/^cLucky
250    ^aพิมพ์ครั้งที่ 1
260    ^aกรุงเทพฯ :^bSugar Beat,^c2551
300    ^a368 หน้า
710 1  ^aSugar Beat
945    ^p240^l0^i15043
995    ^aทศพร
999 ^a ทศพร
รายการนี้ยังไม่มีแท็ก
คุณยังไม่ได้ล็อกอิน คุณสามารถมีกิจกรรมร่วมกับเว็บไซต์ได้ แต่ต้องล็อกอินก่อน ::
  ล็อกอิน

รายการสื่อสารสนเทศ

ลำดับที่ ประเภท เลขเรียก/บาร์โค้ด สถานที่ สถานะ
1. นวนิยาย
นวนิยาย
นว. L271ร 2551 ฉ.1 
  Barcode: 15043
ห้องสมุดวิทยาเขตสวรรค์ประชารักษ์
►นวนิยาย
บนชั้น
  ขอยืม

รายการใกล้เคียง
    ผู้แต่ง [Lucky]

BibComment


ยังไม่เคยถูกคอมเมนท์

คอมเมนท์ทรัพยากรรายการนี้
  คอมเมนท์: รักนี้ ตราบสิ้นก..


 Copyright 2026. Bcnsprnw @Library